[Event "Budapest Spring Festival 2018"]
[Site "Budapest"]
[Date "2018.04.18"]
[Round "1"]
[White "Nguyen, Thai Dai Van"]
[Black "Lyell, Mark"]
[Result "1-0"]
[WhiteElo "2539"]
[BlackElo "2297"]
[Annotator "TA"]
[PlyCount "67"]
[EventDate "2018.??.??"]
[EventType "swiss"]
[EventCountry "HUN"]
[SourceTitle "playchess.com"]
[Source "ChessBase"]
[SourceQuality "1"]

{[%evp 19,67,37,36,45,48,34,71,52,57,43,55,35,59,41,55,9,24,0,0,0,0,-16,-17,-17,59,47,62,48,47,57,88,105,106,91,381,379,339,295,814,807,808,807,5018,5002,4994,1302,29995,29987,29995,29996]} 1. e4 c6 2. Nc3 d5 3. d4 dxe4 4. Nxe4 Nf6 5. Nxf6+ exf6 6. c3 Bd6 7. Bd3 O-O 8. Ne2 Re8 9. Qc2 Kh8 10. O-O Qc7 {LiveBook: 8 Games. B15: Caro-Kann: 3 Nc3: 3...g6 and 3...dxe4 4 Nxe4 Nf6 5 Nxf6+ exf6} 11. h3 ({Reject} 11. Bxh7 Rxe2 12. Qxe2 Kxh7 $15) 11... g6 12. Bh6 $146 ({Predecessor:} 12. c4 Nd7 13. c5 Be7 14. Bc4 Kg7 15. Bf4 Qd8 16. Rad1 Nf8 17. d5 Bxc5 18. dxc6 Qe7 19. cxb7 Bxb7 20. Nc3 Ne6 21. Qc1 Rac8 22. b3 {½-½ (22) Hardicsay,P (2340)-Starck,B (2270) Berlin East 1985}) 12... c5 {White is slightly better.} 13. Rfe1 Be6 14. Be4 Na6 15. d5 Bd7 16. b3 Re7 17. Rad1 Rae8 18. Bd3 b5 $1 19. Qd2 c4 20. bxc4 bxc4 21. Bc2 Nc5 (21... Qa5 $11) 22. Qd4 $1 $14 {[%cal Rd4f6]} Kg8 23. Qxf6 $40 {[%csl Gh6][%cal Rf6g7][%mdl 128] [#] White attacks.} Be5 24. Qf3 Ba4 25. Bxa4 Nxa4 26. Nd4 {Hoping for Nc6.} Bxd4 $4 {[%mdl 8192]} (26... Bh2+ $16 27. Kf1 Rxe1+ 28. Rxe1 Rxe1+ 29. Kxe1 Be5) 27. Rxe7 $18 Qxe7 28. Rxd4 ({And not} 28. cxd4 Nb6 $14) 28... f5 $2 (28... Qe5 29. Rxc4 Nb6) 29. d6 {[%cal Bd5d6,Bd6d7][%mdl 32]} Qe1+ 30. Kh2 {[#] White threatens Qd5+ and mate.} Nxc3 31. d7 {Threatening mate with Qxc3!} Rd8 32. Rxc4 (32. Qc6 $142 Kf7 33. Qxc4+ Qe6 34. Qc7) 32... Ne4 33. Rc8 Qa5 34. Qb3+ {Precision: White = 71%, Black = 32%.} 1-0

[Event "Budapest Spring Festival 2018"]
[Site "Budapest"]
[Date "2018.04.18"]
[Round "1"]
[White "Aryan Chopra"]
[Black "Toma, Katarzyna"]
[Result "1-0"]
[WhiteElo "2523"]
[BlackElo "2293"]
[Annotator "TA"]
[PlyCount "53"]
[EventDate "2018.??.??"]
[EventType "swiss"]
[EventCountry "HUN"]
[SourceTitle "playchess.com"]
[Source "ChessBase"]
[SourceQuality "1"]

{[%evp 22,53,52,64,144,70,90,56,105,58,101,57,68,42,81,85,79,52,356,400,398,398,352,395,395,385,389,391,385,389,386,383,378,362]} 1. e4 c5 2. Nf3 Nc6 3. d4 cxd4 4. Nxd4 g6 5. c4 Bg7 6. Be3 Nf6 7. Nc3 Ng4 8. Qxg4 Nxd4 9. Qd1 Ne6 10. Rc1 Qa5 11. Bd3 d6 12. O-O {LiveBook: 12 Games. B39: Sicilian: Maroczy Bind with 5...Bg7 and 7...Ng4} g5 (12... Nc5 $14) (12... Bd7 13. f4 Bc6 14. Bb1 Nc5 15. Rf2 Na4 16. Nxa4 Bxa4 17. Qg4 Bd7 18. f5 Rc8 19. b3 b5 {1-0 (35) Krasenkow,M (2630)-Antonio,V (2408) Porticcio 2017}) 13. Qd2 ({White should try} 13. c5 $16) 13... Be5 14. c5 $146 {White is better.} ({Predecessor:} 14. Bb1 Bf4 15. Rfd1 b6 16. Qe2 Bb7 17. Nd5 Bxe3 18. Qxe3 Qc5 19. Qc3 f6 {1-0 (42) Yuan,Y (2191)-Knox,C (2050) Guelph 2008}) 14... Bd7 15. Bxg5 dxc5 {next ...c4! is good for Black.} 16. Be3 O-O-O 17. f4 Bd4 18. Qf2 $36 {[%mdl 2048] Strongly threatening Nd5. White has strong initiative.} Bc6 19. Nd5 Rd7 $2 {[%mdl 8192] [#]} (19... Bxd5 $14 20. exd5 Rxd5) 20. Bxd4 $1 $18 {White is winning.} Nxd4 {[#]} 21. b4 $1 {[%cal Rb4a5,Bb2b4,Bb4b5][%mdl 544]} Qd8 (21... cxb4 22. Qxd4) 22. Rxc5 Ne6 23. b5 Nxc5 24. Qxc5 ({Less strong is} 24. bxc6 Rxd5 25. exd5 Qxd5 $16) 24... Rxd5 25. exd5 Qxd5 {[%csl Gc6][%cal Rd5g2]} 26. Qc2 Rd8 27. Rd1 {Precision: White = 58%, Black = 23%.} ({And not} 27. bxc6 Qxd3 28. cxb7+ Kb8 $11) 1-0

[Event "Budapest Spring Festival 2018"]
[Site "Budapest"]
[Date "2018.04.18"]
[Round "1"]
[White "Gonda, Laszlo"]
[Black "Marszalek, Maciej"]
[Result "1-0"]
[WhiteElo "2510"]
[BlackElo "2289"]
[Annotator "TA"]
[PlyCount "67"]
[EventDate "2018.??.??"]
[EventType "swiss"]
[EventCountry "HUN"]
[SourceTitle "playchess.com"]
[Source "ChessBase"]
[SourceQuality "1"]

{[%evp 18,67,46,46,100,100,96,71,128,137,178,175,195,192,174,176,204,171,197,189,246,240,313,316,356,359,341,338,345,353,375,386,358,343,416,411,467,450,651,660,606,602,672,666,770,768,2120,1972,5110,5027,29993,29994]} 1. Nf3 c5 2. c4 Nf6 3. g3 e6 4. Bg2 Nc6 5. O-O Be7 6. d4 cxd4 7. Nxd4 a6 8. Nc3 O-O 9. b3 Qa5 10. Bb2 {LiveBook: 8 Games. A33: Symmetrical English: 2 Nf3 Nf6 3 d4 cxd4 4 Nxd4 e6 5 Nc3 Nc6} Ba3 (10... Rb8 $14) 11. Bxa3 $16 Qxa3 12. Na4 {White is better.} Rb8 $146 {[#]} ({Black should play} 12... Qe7) ({Predecessor:} 12... Qe7 13. c5 Rb8 14. Rc1 Rd8 15. Nb6 Na7 16. e3 d6 17. Nxc8 Rdxc8 18. cxd6 Qxd6 19. Rxc8+ Nxc8 {1-0 (45) Otero Acosta,D (2519)-Gutierrez,J (2204) Panama City 2013}) 13. c5 $1 {[%cal Bc4c5,Bc5d6][%mdl 32]} Qb4 {[#]} 14. Nc2 $1 {[%cal Rc2b4]} Qg4 15. Ne3 Qh5 16. Bf3 Qh3 17. Nb6 d5 18. cxd6 {Black must now prevent d7.} Bd7 (18... Rd8 $142 19. Rc1 e5) 19. Rc1 Rfd8 20. Nxd7 Nxd7 21. Rc4 Qh6 22. Bxc6 bxc6 23. Rxc6 f5 24. Qd4 a5 25. Rfc1 {[%cal Bf1c1,Bc1c6,Bc6a6][%mdl 32]} g5 26. Rc7 Qf8 27. R1c6 Rb4 (27... a4 $142 28. bxa4 Qg7) 28. Nc4 $18 f4 29. Qe4 Qf6 30. Ra6 fxg3 31. hxg3 Rf8 32. f3 Qa1+ 33. Kg2 Nf6 34. Qxe6+ {Precision: White = 91%, Black = 16%.} 1-0

[Event "Budapest Spring Festival 2018"]
[Site "Budapest"]
[Date "2018.04.18"]
[Round "1"]
[White "Golubka, Petro"]
[Black "Gyurkovics, Bence"]
[Result "1-0"]
[WhiteElo "2509"]
[BlackElo "2286"]
[Annotator "TA"]
[PlyCount "89"]
[EventDate "2018.??.??"]
[EventType "swiss"]
[EventCountry "HUN"]
[SourceTitle "playchess.com"]
[Source "ChessBase"]
[SourceQuality "1"]

{[%evp 17,89,29,25,-37,-25,-29,0,-1,36,20,47,43,65,43,78,52,81,68,93,87,90,80,77,56,52,52,81,44,102,99,91,100,113,100,93,85,225,236,220,207,271,275,242,274,568,586,1456,1395,946,893,869,785,1397,952,29983,29984,29988,29989,29987,1431,1318,1004,1034,927,721,723,626,555,6113,6215,29989,29990,29990,29991]} 1. d4 Nf6 2. c4 e6 3. Nf3 d5 4. Nc3 Bb4 5. Qa4+ Nc6 6. Bg5 Bd7 7. Qc2 {D38: Queen's Gambit Declined: Ragozin Defence (4 Nf3 Bb4)} h6 (7... dxc4 8. e4 h6 9. Bd2 Bxc3 10. bxc3 b5 11. Be2 O-O 12. g4 Ne7 13. Ne5 c5 14. dxc5 Qc7 {0-1 (32) Jaracz,P (2503)-Vitiugov,N (2738) Wroclaw 2014}) 8. Bxf6 Qxf6 9. e3 O-O {LiveBook: 4 Games} 10. O-O-O ({White should play} 10. a3 $11 Bxc3+ 11. Qxc3) 10... Bxc3 $15 11. Qxc3 Qe7 $146 ({Predecessor:} 11... a6 12. Rd2 b5 13. Ne5 b4 14. Nxd7 Qe7 {1-0 (28) Laplanche,D (2220)-Guerineau,G (1680) Agneaux 1997}) 12. Kb1 Qb4 13. Qc2 dxc4 14. Bxc4 Na5 15. Bd3 Rfc8 16. Rc1 (16. Ne5 {is interesting.} Be8 17. Bh7+ Kh8 18. Be4 Rab8 19. g4) 16... Bb5 17. Rhd1 Bxd3 18. Rxd3 Qd6 19. Ne5 f6 20. Nf3 Nc6 {[#] aiming for ...Nb4.} 21. a3 Ne7 22. e4 Qd7 ({Better is} 22... c6 $14) 23. h4 $16 {[%cal Bh2h4,Bh4h5][%mdl 32]} c6 24. g4 Rf8 25. g5 Kh7 26. gxh6 Kxh6 (26... gxh6 $16 27. Qd2 Rad8) 27. Rg1 $18 Kh7 28. h5 Rad8 29. Nh4 Rf7 30. f4 Qc7 $2 (30... Ng8 {was called for.} 31. d5 Nh6) 31. e5 Nf5 32. Nxf5 exf5 33. Rdg3 fxe5 34. dxe5 Qd7 35. Qg2 Re8 36. h6 Ree7 37. hxg7 Rxg7 38. e6 (38. Rh1+ $142 Kg8 39. Qh3 a6 {[#]} 40. e6 $1 {[%mdl 512]} Qd3+ 41. Rxd3 Rxe6 42. Rd8+ Kf7 43. Qxf5+ Rf6 44. Qd7+ Kg6 45. Rg1+ Kh7 46. Qxg7#) 38... Qd4 39. Qh3+ Kg8 40. Rxg7+ Rxg7 41. Rxg7+ Kxg7 42. Qxf5 Qd1+ 43. Ka2 Qe2 44. Qf7+ Kh6 45. e7 {Precision: White = 69%, Black = 24%.} 1-0

[Event "Budapest Spring Festival 2018"]
[Site "Budapest"]
[Date "2018.04.18"]
[Round "1"]
[White "Christiansen, Johan-Sebastian"]
[Black "Szabo, Marton Mihaly"]
[Result "1-0"]
[WhiteElo "2498"]
[BlackElo "2281"]
[Annotator "TA"]
[PlyCount "73"]
[EventDate "2018.??.??"]
[EventType "swiss"]
[EventCountry "HUN"]
[SourceTitle "playchess.com"]
[Source "ChessBase"]
[SourceQuality "1"]

{[%evp 28,73,0,0,0,0,-15,0,57,48,37,11,3,11,82,0,32,17,66,77,104,79,116,74,91,95,77,68,77,24,221,218,252,253,370,394,449,444,491,488,709,506,596,477,490,425,712,701]} 1. Nf3 c5 2. c4 Nc6 3. Nc3 g6 4. g3 Bg7 5. Bg2 e5 6. a3 a5 7. O-O d6 8. Ne1 Be6 9. d3 Nge7 {[%cal Bg8e7,Be7d5,Bd5b6,Bb6d7][%mdl 32]} 10. Nc2 d5 11. cxd5 {A37: Symmetrical English vs ...g6: 4 Bg2 Bg7 5 Nf3} Nxd5 12. Ne3 Nb6 13. Bxc6+ (13. Nc4 O-O 14. Bxc6 bxc6 15. Nxb6 Qxb6 16. Be3 Qxb2 17. Na4 Qb3 18. Nxc5 Qxd1 19. Rfxd1 {½-½ (46) Adams,M (2748)-Caruana,F (2823) London 2016}) 13... bxc6 14. Ne4 c4 15. dxc4 {LiveBook: 4 Games} O-O $1 16. c5 {Threatens to win with Qxd8.} Nd7 17. Qd6 Ra6 $146 (17... Qc8 $11) ({Predecessor:} 17... Qc8 18. Rd1 Rd8 {0-1 (43) Katris,A (2278)-Marwitz,U (2224) ICCF email 2015}) 18. Rd1 Re8 19. Qd3 Ra8 20. Qc2 Qe7 (20... f5 $11 21. Nd6 Rf8) 21. b3 ({Better is} 21. Rd6 $16) 21... f5 (21... a4 $5 22. bxa4 Reb8 $11) 22. Nd6 $36 {[%mdl 2048] White has good play.} Reb8 23. Rb1 h6 24. Bd2 Ra6 25. b4 axb4 26. axb4 Ra2 27. Qc1 $1 f4 28. Nf1 (28. Ng2 $16) 28... g5 $2 (28... Nf6 $11) 29. b5 $1 $18 cxb5 {[#]} 30. c6 $1 {[%cal Bc5c6,Bc6d7][%mdl 32]} Qxd6 {[#]} (30... Nf6 $142) 31. Bb4 $1 Qc7 32. cxd7 {White is clearly winning.} Qd8 33. Bd6 Raa8 (33... Qxd7 $142 34. Bxb8 Qb7 35. Rd8+ Kf7) 34. Bc7 Qf8 35. Bxb8 Rxb8 36. Qc6 Bc4 {[#]} (36... Bf5 $142 37. Rxb5 Rd8) 37. Qxc4+ $1 {[%mdl 512] Precision: White = 51%, Black = 23%.} 1-0

[Event "Budapest Spring Festival 2018"]
[Site "Budapest"]
[Date "2018.04.18"]
[Round "1"]
[White "Zanan, Evgeny"]
[Black "Bohus, Adam"]
[Result "1-0"]
[WhiteElo "2493"]
[BlackElo "2277"]
[Annotator "TA"]
[PlyCount "117"]
[EventDate "2018.??.??"]
[EventType "swiss"]
[EventCountry "HUN"]
[SourceTitle "playchess.com"]
[Source "ChessBase"]
[SourceQuality "1"]

{[%evp 22,117,41,37,46,36,74,77,71,70,72,60,57,63,62,64,54,62,62,59,70,68,70,59,75,62,66,33,66,61,79,64,65,67,66,72,89,85,81,50,64,59,60,56,56,52,102,59,104,102,125,125,121,120,199,218,218,218,218,107,278,277,277,280,262,279,279,278,265,237,227,244,236,176,155,168,190,152,158,159,265,204,291,244,204,192,1177,1217,1104,1095,29975,29976,29974,29977,29977,29977,29976,29975]} 1. d4 d5 2. c4 dxc4 3. e3 Nf6 4. Bxc4 e6 5. Nf3 {[%cal Bg1f3,Bf3e5,Be5c4,Bc4a5][%mdl 32]} c5 6. O-O a6 7. dxc5 Bxc5 8. Qxd8+ Kxd8 9. Ne5 {D27: Queen's Gambit Accepted: Classical main line: 7 e4!? and 7 a4} Ke7 10. Be2 Nbd7 11. Nc4 b6 12. Nc3 {LiveBook: 4 Games} (12. Nbd2 a5 13. Nb3 Ba6 14. Nxc5 bxc5 15. f3 Rhb8 16. Kf2 a4 {½-½ (27) Van Wely,L (2663)-Ponomariov,R (2687) Germany 2018}) 12... Bb7 13. Na4 b5 $146 ({Find the theoretical novelty and annotate with similar games:} 13... Bd5 14. Nxc5 Bxc4 15. Bxc4 Nxc5 16. b3 b5 {0-1 (43) Savina,A (2268)-Arslanov,S (2280) Moscow 2008}) 14. Nxc5 Nxc5 15. Na5 Be4 16. b3 {Ba3 is the strong threat.} Rhc8 17. Ba3 {Hoping for Rac1.} Ke8 18. f3 Nb7 19. Bb4 Nxa5 20. Bxa5 Bb7 21. e4 Nd7 22. Rfd1 Rc2 23. Bd3 Rc6 24. Kf2 Rac8 25. Ke3 f6 26. Be2 Rc2 27. Rd6 R8c6 28. Rxc6 Rxc6 29. a4 bxa4 30. bxa4 Nc5 {White must now prevent ...Nb3.} 31. Be1 Kd7 32. a5 e5 33. Rb1 Kc8 34. Rc1 {Strongly threatening Bb4.} Rc7 35. Bc4 Nd7 36. Bb4 Kd8 37. Rc3 Ke8 (37... Bc8 $16 38. g3 h6) 38. Bf7+ $1 $18 Kd8 39. Be7+ $1 Kc8 40. Rd3 (40. Rxc7+ $18 {and White stays clearly on top.} Kxc7 41. Bc4) 40... Rc2 $2 {[#]} (40... Bc6 $16 {was worth a try.}) 41. Bb3 $1 {[%cal Rb3c2]} Rc1 {[#]} 42. Kd2 $1 {[%cal Rd2c1]} Rc7 43. Be6 Bc6 44. Bd6 Bb5 45. Bxc7 Bxd3 46. Bxe5 $1 (46. Kxd3 Kxc7 47. Kc4 Nb8 $14) 46... Bxe4 {[%mdl 4096] Endgame KBB-KBN} 47. Bd6 ({Weaker is} 47. fxe4 fxe5 48. Kc3 Kc7 $14) 47... Bc6 48. Ke3 Kb7 49. Kd4 Bb5 50. Bd5+ Bc6 (50... Kc8 $16 51. Bg8 h5) 51. Bg8 h6 (51... h5 {was necessary.} 52. h4 g5 53. hxg5 fxg5) 52. h4 {[%cal Bh2h4,Bh4h5][%mdl 32]} Bb5 53. Bd5+ Bc6 $2 (53... Kc8 54. h5 Kd8) 54. h5 f5 55. Be5 Nf6 56. Bxf6 {White mates.} gxf6 57. Kc5 Bxd5 58. Kxd5 f4 59. Kd6 {Precision: White = 84%, Black = 39%.} 1-0

[Event "Budapest Spring Festival 2018"]
[Site "Budapest"]
[Date "2018.04.18"]
[Round "1"]
[White "Milanovic, Danilo"]
[Black "Bodi, Tibor"]
[Result "1-0"]
[WhiteElo "2488"]
[BlackElo "2265"]
[Annotator "TA"]
[PlyCount "53"]
[EventDate "2018.??.??"]
[EventType "swiss"]
[EventCountry "HUN"]
[SourceTitle "playchess.com"]
[Source "ChessBase"]
[SourceQuality "1"]

{[%evp 18,53,-27,-34,-17,-32,0,-24,0,0,0,0,5,11,42,35,49,26,188,183,173,153,370,369,371,368,363,340,298,272,308,208,1729,1729,1441,1356,29987,29987]} 1. d4 d5 2. c4 c6 3. Nc3 Nf6 4. e3 e6 5. Bd2 Bd6 (5... g6 6. Bd3 Bg7 7. Nf3 Nbd7 8. O-O O-O 9. Qc2 Re8 10. Rfe1 a6 11. Rad1 b5 12. cxd5 exd5 13. e4 b4 14. e5 bxc3 15. exf6 {½-½ (15) Ivanchuk,V (2738)-Sasikiran,K (2669) Matanzas 2017}) 6. Rc1 {D31: Queen's Gambit Declined: Semi-Slav without ...Nf6 (+ Marshall Gambit and Noteboom) and Exchange Variation lines without ...Nf6} O-O 7. cxd5 exd5 8. Bd3 Nbd7 {[%cal Bb8d7,Bd7f8,Bf8e6][%mdl 32]} 9. Nge2 Re8 10. f3 {LiveBook: 8 Games} a6 11. O-O c5 12. Qe1 cxd4 $146 ({Predecessor:} 12... b5 13. a3 Bb7 14. Qh4 Rc8 15. g4 g6 {½-½ (72) Johansson,L (2448)-Rasmussen,A (2540) Vaxjo 2017}) 13. exd4 Nf8 14. Qf2 Ne6 15. g4 {[%cal Bg2g4,Bg4g5][%mdl 32]} Bf8 16. Ng3 b5 17. Nce2 g6 $2 (17... h6 $11) 18. g5 $18 Nd7 {[#]} 19. f4 $1 f5 $2 {[#]} (19... Kh8 $16 {is a better defense.}) 20. gxf6 $1 Nxf6 21. f5 gxf5 22. Qxf5 {aiming for Nh5.} Bg7 {And now ...Nc5 would win.} 23. Nh5 {[%cal Rh5f6]} Ne4 24. Nxg7 $40 {[%mdl 128] White has strong attack.} Kxg7 $2 (24... Nxg7 25. Qf7+ Kh8) 25. Bxe4 dxe4 26. d5 {[%cal Bd4d5,Bd5e6][%mdl 32] White threatens Qf7+ and mate.} b4 27. dxe6 {Precision: White = 81%, Black = 22%.} 1-0

[Event "Budapest Spring Festival 2018"]
[Site "Budapest"]
[Date "2018.04.18"]
[Round "1"]
[White "Kobo, Ori"]
[Black "Miroshnichenko, Pavel"]
[Result "1/2-1/2"]
[WhiteElo "2484"]
[BlackElo "2258"]
[Annotator "TA"]
[PlyCount "180"]
[EventDate "2018.??.??"]
[EventType "swiss"]
[EventCountry "HUN"]
[SourceTitle "playchess.com"]
[Source "ChessBase"]
[SourceQuality "1"]

{[%evp 12,180,23,14,13,11,14,0,9,6,27,4,27,29,23,25,31,14,21,8,15,0,21,4,33,31,56,57,56,31,50,41,35,31,42,43,37,47,82,103,99,54,66,27,55,67,66,69,74,78,70,74,64,35,56,34,44,40,110,36,36,33,82,33,52,0,0,0,0,0,0,0,0,0,0,0,0,0,0,0,0,0,0,0,0,0,0,0,0,0,0,0,0,0,0,0,0,0,0,0,0,0,0,0,0,0,0,0,0,0,0,0,0,0,0,0,0,0,0,0,0,0,0,0,0,0,0,0,0,0,0,0,0,0,0,0,0,0,0,0,0,0,0,0,0,0,0,0,0,0,0,0,0,0,0,0,0,0,0,0,0,0,0,0,0,0,0,0,0,0,0]} 1. Nf3 d5 2. g3 g6 3. Bg2 Bg7 4. d4 Nf6 5. O-O O-O 6. c4 c6 7. Qa4 {LiveBook: 110 Games} Be6 {D78: Fianchetto Grünfeld: 6 0-0 c6} (7... Nfd7 8. cxd5 Nb6 9. Qd1 cxd5 10. Nc3 Nc6 11. e3 Bf5 12. b3 Rc8 13. Bb2 Qd7 14. Qe2 Bh3 15. Rfd1 Bxg2 16. Kxg2 {½-½ (78) Yu,Y (2751)-Ding,L (2777) Huaian 2017}) 8. cxd5 cxd5 9. Nc3 $146 ({Predecessor:} 9. Ne5 Nfd7 10. f4 Nb6 11. Qd1 f6 12. Nd3 Bf7 13. b3 Nc6 14. Bb2 e6 15. e3 Nc8 16. Nd2 Nd6 {½-½ (16) Quinteros,M (2480)-Smyslov,V (2575) Sao Paulo 1978}) 9... Ne4 10. Nxe4 dxe4 11. Ng5 Bd5 12. Nxe4 Bc6 13. Qb3 Qxd4 14. Nc3 Bxg2 15. Kxg2 Qd7 16. Bg5 Nc6 17. Rfd1 Nd4 18. Qd5 Qxd5+ 19. Nxd5 e5 20. Rac1 h6 21. Be7 Rfc8 22. e3 Rxc1 23. Rxc1 Nc6 $1 24. b4 Re8 {[#]} 25. Bc5 $1 a6 26. e4 f5 27. f3 Rd8 28. a4 Rd7 29. b5 axb5 30. axb5 Nd4 31. Bxd4 exd4 $14 {[%mdl 4096] Endgame KRB-KRN} 32. b6 Kf7 33. Kf2 fxe4 34. fxe4 Ke6 (34... Be5 $14) 35. Rc8 ({White should play} 35. Nf4+ $16 Kf7 36. Nd3) 35... Rf7+ 36. Ke2 {Black must now prevent Nf4+.} Kd6 37. Kd3 Rf3+ 38. Ke2 (38. Kc4 $1 $14) 38... Rb3 {The position is equal.} 39. Rc7 d3+ 40. Kd2 Bd4 41. Rxb7 Bg1 42. Nc3 Bxh2 43. Kxd3 {[#] Strongly threatening Rg7.} Bxg3 {And now ...Be5 would win.} 44. Kc4 Kc6 45. Rf7 Rxb6 46. Nd5 Rb1 47. Rf6+ Kd7 48. Rxg6 Be5 49. Rxh6 Rd1 50. Rh4 Kd6 51. Ne3 Rd4+ 52. Kb5 {Hoping for Nf5+.} Ke6 53. Kc5 Rd3 54. Nd5 Bg3 55. Rh7 {[%csl Gd5][%cal Rh7e7]} (55. Rh5 {looks sharper.} Rd2 56. Kc4 Be5 57. Rh6+ Kf7 58. Rh4) 55... Bd6+ 56. Kc6 Ke5 57. Rh5+ Kxe4 58. Kxd6 $11 {KRN-KR} Rd2 59. Rh4+ Kf5 60. Rf4+ Kg5 61. Rf8 Rd1 62. Ke5 Re1+ 63. Kd4 Rd1+ 64. Ke4 Re1+ 65. Ne3 Kg6 66. Rf3 Kg5 67. Ke5 Kg6 68. Rg3+ Kf7 69. Kf5 Ke7 70. Nd5+ Kd6 71. Nc3 Rf1+ 72. Ke4 Re1+ 73. Kd4 Ke6 74. Rg6+ Kf7 75. Rb6 Ke7 76. Ne4 Rd1+ 77. Ke5 Kd7 78. Ra6 Re1 79. Ra4 Ke7 80. Ra7+ Kd8 81. Kd5 Rd1+ 82. Kc6 Rc1+ 83. Nc5 Ke8 84. Rh7 Rc2 85. Kd6 Rd2+ 86. Ke5 Re2+ 87. Ne4 Kd8 88. Kd6 {[%cal Rh7h8]} Rxe4 89. Rh8+ Re8 90. Rxe8+ Kxe8 {Precision: White = 65%, Black = 75%.} 1/2-1/2

[Event "Budapest Spring Festival 2018"]
[Site "Budapest"]
[Date "2018.04.18"]
[Round "1"]
[White "Nagy, Gabor"]
[Black "Manush Shah"]
[Result "1/2-1/2"]
[WhiteElo "2481"]
[BlackElo "2257"]
[Annotator "TA"]
[PlyCount "148"]
[EventDate "2018.??.??"]
[EventType "swiss"]
[EventCountry "HUN"]
[SourceTitle "playchess.com"]
[Source "ChessBase"]
[SourceQuality "1"]

{[%evp 20,148,25,17,55,49,76,76,74,57,72,77,65,66,86,79,87,85,97,101,108,108,104,106,201,191,175,185,189,83,83,83,83,83,84,84,83,83,83,83,83,83,83,83,102,69,86,69,69,69,69,69,69,69,71,69,83,80,88,63,83,73,77,76,91,21,44,35,36,36,43,36,36,0,43,36,60,36,43,43,43,44,60,0,0,0,0,0,0,0,0,0,0,0,0,0,0,0,0,0,0,0,0,0,0,0,0,0,0,0,0,0,0,0,0,0,0,0,0,0,0,0,0,0,0,0,0,0,0,0,0]} 1. Nf3 d5 2. c4 c6 3. d4 Nf6 4. Nc3 e6 5. g3 dxc4 6. Bg2 Nbd7 7. O-O Be7 8. a4 a5 {E01: Catalan: Early deviations} (8... O-O 9. a5 Nd5 10. Bd2 b5 11. axb6 Qxb6 12. Na4 Qd8 13. Qc2 Ba6 14. Rfd1 Bb5 15. e4 Nb4 16. Bxb4 Bxb4 17. d5 cxd5 18. Nd4 Bxa4 19. Rxa4 Bc5 20. exd5 Bxd4 21. Rxd4 {½-½ (21) Nakamura,H (2780)-Ding,L (2774) Palma de Mallorca 2017}) 9. e4 Nb6 10. Qe2 O-O 11. Rd1 {LiveBook: 9 Games} Bd7 12. Ne5 {[%mdl 1024] White has compensation.} Qc8 13. Be3 Ra6 $146 {[%cal Ba8a6,Ba6b6,Bb6b4][%mdl 32]} ({Predecessor:} 13... c5 14. d5 exd5 15. Nxd7 Qxd7 16. exd5 Bd6 17. f4 Rfe8 {1-0 (30) Kappler,J-De Saint Germain,G France 1976}) 14. Rac1 Rd8 15. h3 Be8 16. Nxc4 Nxc4 17. Qxc4 Rb6 18. Qe2 Rb4 19. Qc2 c5 20. dxc5 Rxd1+ 21. Rxd1 Bxc5 (21... Nd7 $16) 22. Nb5 $1 $18 {[%cal Rb5d6]} Bxb5 23. axb5 ({Don't take} 23. Qxc5 $6 Qxc5 24. Bxc5 Rxa4 $14) 23... b6 {[#]} 24. Bxc5 (24. e5 $1 $18 {[%cal Re5f6] and the rest is easy.} Nd7 25. Bd4) 24... bxc5 $16 25. e5 Nd5 26. Bxd5 exd5 27. Rxd5 Rxb5 {[%mdl 4096] Endgame KQR-KQR} 28. Qc4 Rb4 {[#]} 29. Qa6 $1 {[%cal Ra6c8][%mdl 512]} Rb8 (29... Qxa6 30. Rd8#) 30. Qxa5 h6 31. h4 c4 32. Qc3 Qf5 33. Rd2 Qe4 34. Rd4 Qb1+ 35. Kg2 Qxb2 36. Qxc4 Qb7+ 37. Kh2 Rc8 38. Qd3 Qb2 39. Qe3 (39. Qf5 {looks sharper.} Rf8 40. Rg4 Re8 41. Qf6 g6 42. Rf4) 39... Qa2 40. g4 Qe6 41. Kg3 Re8 {[#]} 42. f4 (42. Re4 $1 $16) 42... Qe7 43. h5 Ra8 44. Rd6 Re8 45. Qb6 Ra8 46. Qe3 Re8 47. Qd4 Qb7 48. Rd8 (48. Qc3 {with more complications.} Qe7 49. Qc4 Rd8 50. Qd4 Rb8 51. Qd1) 48... Rxd8 49. Qxd8+ $14 {KQ-KQ} Kh7 50. Qd3+ Kg8 51. g5 (51. Qe3 $14) 51... hxg5 $11 {The position is equal.} 52. fxg5 {Strongly threatening g6.} Qh1 53. g6 {[%cal Rd3d8]} Qg1+ 54. Kf3 {[%cal Rd3d8]} Qg5 55. gxf7+ Kxf7 56. Qd7+ (56. e6+ {keeps more tension.} Kxe6 57. Qc4+ Kf6 58. Qd4+ Kf7 59. Qc4+) 56... Kg8 57. Qe8+ (57. e6 {feels hotter.} Qxh5+ 58. Ke3 Qc5+ 59. Kf3 Qf5+ 60. Ke3) 57... Kh7 58. Ke4 Qg2+ 59. Kd4 Qd2+ 60. Kc5 Qa5+ 61. Qb5 Qa3+ 62. Kc6 {And now e6 would win.} Qa8+ 63. Kd6 Qf8+ 64. Ke6 Qc8+ 65. Qd7 Qc4+ 66. Qd5 Qc8+ 67. Qd7 Qc4+ 68. Ke7 Qh4+ 69. Kf8 {[%csl Gf8][%cal Rd7g7]} Qf4+ 70. Qf7 Qxe5 71. Qg8+ Kh6 72. Qh8+ Kg5 73. Qxg7+ Qxg7+ 74. Kxg7 {Threatens to win with h6.} Kxh5 {Precision: White = 49%, Black = 73%.} 1/2-1/2